000 00745nam a2200217Ii 4500
003 JO-AjNU
008 230605s9999||||xx |||||||||||||| ||und||
017 _a2007/12
020 _a978-977-6274-00-6
040 _aJO-AjNU
_bara
_erda
_cJO-AjNU
041 _aara
050 1 4 _aHD62.7.A36.2008
100 3 _aاحمد، مروة/نسيم برهم,
_eauthor
_943999
245 0 0 _aالريادة وادارة المشروعات الصغيرة
264 3 1 _aالقاهرة:الشركة العربية المتحدة للتسويق والتوريدات،2008
300 _a330ص
336 _atext
_btxt
_2rdacontent
337 _aunmediated
_bn
_2rdamedia
338 _avolume
_bnc
_2rdacarrier
650 4 _aادارة المشروعات
_944000
999 _aA18960
_c22528
_d22528